Influence of Evaluation System on Effectiveness of Foreign Students' Mathematical Education; Procedia - Social and Behavioral Sciences; Vol. 215 : International Education and Cross-Cultural Communication, Problems and Solutions, (IECC 2015)
| Parent link: | Procedia - Social and Behavioral Sciences Vol. 215 : International Education and Cross-Cultural Communication, Problems and Solutions, (IECC 2015).— 2015.— [P. 181-184] |
|---|---|
| Tác giả của công ty: | |
| Tác giả khác: | , , , |
| Tóm tắt: | Title screen This paper studies the problems of improving the quality of mathematics education of foreign students in Tomsk Polytechnic University. We found out that changes in the evaluation system had provided students progress in studying math. The effectiveness of point rating system introduction is proved according to statistics over the last 5 years. The research involved the application of mathematical statistics, correlation analysis and variance analysis methods. Influence of different evaluation systems on the final grade is shown. We worked out that the studying time started to be used more rationally and the students’ activity increased during the term. Observational results showed a higher level of motivation, orderliness and responsibility. Assessment of the permanent knowledge confirmed the expected results. Режим доступа: по договору с организацией-держателем ресурса |
| Ngôn ngữ: | Tiếng Anh |
| Được phát hành: |
2015
|
| Những chủ đề: | |
| Truy cập trực tuyến: | http://dx.doi.org/10.1016/j.sbspro.2015.11.617 http://earchive.tpu.ru/handle/11683/33660 |
| Định dạng: | MixedMaterials Điện tử Chương của sách |
| KOHA link: | https://koha.lib.tpu.ru/cgi-bin/koha/opac-detail.pl?biblionumber=650058 |
MARC
| LEADER | 00000nla2a2200000 4500 | ||
|---|---|---|---|
| 001 | 650058 | ||
| 005 | 20240206162458.0 | ||
| 035 | |a (RuTPU)RU\TPU\network\15240 | ||
| 035 | |a RU\TPU\network\15239 | ||
| 090 | |a 650058 | ||
| 100 | |a 20160906a2015 k y0engy50 ba | ||
| 101 | 0 | |a eng | |
| 105 | |a y z 100zy | ||
| 135 | |a drcn ---uucaa | ||
| 181 | 0 | |a i | |
| 182 | 0 | |a b | |
| 200 | 1 | |a Influence of Evaluation System on Effectiveness of Foreign Students' Mathematical Education |f A. I. Sherstneva [et al.] | |
| 203 | |a Text |c electronic | ||
| 300 | |a Title screen | ||
| 320 | |a [References: р. 184 (6 tit.)] | ||
| 330 | |a This paper studies the problems of improving the quality of mathematics education of foreign students in Tomsk Polytechnic University. We found out that changes in the evaluation system had provided students progress in studying math. The effectiveness of point rating system introduction is proved according to statistics over the last 5 years. The research involved the application of mathematical statistics, correlation analysis and variance analysis methods. Influence of different evaluation systems on the final grade is shown. We worked out that the studying time started to be used more rationally and the students’ activity increased during the term. Observational results showed a higher level of motivation, orderliness and responsibility. Assessment of the permanent knowledge confirmed the expected results. | ||
| 333 | |a Режим доступа: по договору с организацией-держателем ресурса | ||
| 461 | 0 | |0 (RuTPU)RU\TPU\network\2898 |t Procedia - Social and Behavioral Sciences | |
| 463 | 0 | |0 (RuTPU)RU\TPU\network\14998 |t Vol. 215 : International Education and Cross-Cultural Communication, Problems and Solutions, (IECC 2015) |o International Conference, 9-11 June 2015, Tomsk, Russia |o [proceedings] |f National Research Tomsk Polytechnic University (TPU) ; ed. E. V. Fell |v [P. 181-184] |d 2015 | |
| 610 | 1 | |a электронный ресурс | |
| 610 | 1 | |a труды учёных ТПУ | |
| 610 | 1 | |a эффективность | |
| 610 | 1 | |a иностранные студенты | |
| 610 | 1 | |a математическое образование | |
| 610 | 1 | |a математическая статистика | |
| 610 | 1 | |a корреляционный анализ | |
| 610 | 1 | |a дисперсия | |
| 610 | 1 | |a мотивация | |
| 701 | 1 | |a Sherstneva |b A. I. |c mathematician |c associate Professor of Tomsk Polytechnic University, candidate of physico-mathematical Sciences |f 1974- |g Anna Igorevna |3 (RuTPU)RU\TPU\pers\35539 |9 18721 | |
| 701 | 1 | |a Imas |b O. N. |c Mathematician |c Associate Professor of Tomsk Polytechnic University, Candidate of physical and mathematical sciences |f 1967- |g Olga Nikolaevna |3 (RuTPU)RU\TPU\pers\34948 |9 18266 | |
| 701 | 1 | |a Galanova |b N. Yu. |g Nataliya | |
| 701 | 0 | |a Tran Van Tuan | |
| 712 | 0 | 2 | |a Национальный исследовательский Томский политехнический университет (ТПУ) |b Физико-технический институт (ФТИ) |b Кафедра высшей математики (ВМ) |3 (RuTPU)RU\TPU\col\18728 |
| 801 | 2 | |a RU |b 63413507 |c 20170120 |g RCR | |
| 856 | 4 | |u http://dx.doi.org/10.1016/j.sbspro.2015.11.617 | |
| 856 | 4 | |u http://earchive.tpu.ru/handle/11683/33660 | |
| 942 | |c CF | ||